000 00579nam a2200229Ia 4500
003 OSt
005 20221005123145.0
006 a|||||r|||| 00| 0
007 ta
008 221004b |||||||| |||| 00| 0 san d
024 _a60113
037 _cTextual
040 _aCRL
_cCRL
_bsan
041 _2san
_asan
082 _aO15,1DL, 33J9
100 _aLilashukamuni Au.
_9633231
245 0 _aKrishnakarnamrutha
260 _c1959
650 _aSANSKRIT LITERATURE
942 _hO15,1DL, 33J9
_cTEXL
_2cc
999 _c1046548
_d1046548